000 00597cam a22002052 4500
001 0000018680
005 20151217145906.0
008 100422s xx 000 0 eng d
020 _a007059113x :
040 _aKABU
_cKABU
100 1 _aGodbole, Achyut S.
_@0000156332
245 1 0 _aOperating systems /
_cAchyut S. Godbole.
250 _a2nd ed.
260 _aNew Delhi :
_bNew McGraw-Hill,
_c2005.
300 _axxxi, 692 p.
650 0 _aOperating systems (Computers)
_@0000146540
852 1 _9p2700 KE
908 _a100422
950 _@1
999 _c3786
_d3786